Loreto College Library, Kolkata
WEBOPAC (ONLINE PUBLIC ACCESS CATALOGUE)

Understanding poetry (Record no. 726)

MARC details
000 -LEADER
fixed length control field 00501nam a2200193Ia 4500
008 - FIXED-LENGTH DATA ELEMENTS--GENERAL INFORMATION
fixed length control field 131103s9999 xx 000 0 und d
040 ## - CATALOGING SOURCE
Original cataloging agency Loreto College
041 ## - LANGUAGE CODE
Language code English
082 ## - DDC | ডিউই
Classification number | বর্গসংখ্যা 808.1/REE
Book Number | গ্রন্থাঙ্ক LCLIB/16158,16159
100 ## - MAIN ENTRY--PERSONAL NAME | মুখ্য সংলেখ - ব্যাক্তিনাম
Personal name | ব্যাক্তিনাম Reeves,James
245 ## - TITLE STATEMENT | অাখ্যা বিবরণী
Title | অাখ্যা Understanding poetry
Statement of responsibility | লেখকের দায়িত্বের বিবরণ James Reeves
260 ## - IMPRINT | প্রকাশনা ক্ষেত্র
Place of publication | প্রকাশ স্থান London
Name of publisher | প্রকাশকের নাম Pan Books
Date of publication | প্রকাশ কাল 1967
300 ## - PHYSICAL DESCRIPTION |
Page / Vol. No | পৃষ্ঠা / খন্ড সংখ্যা 207 p.
504 ## - BIBLIOGRAPHY, ETC. NOTE
Bibliography, etc 1st pub. 1965
650 ## - SUBJECT ADDED ENTRY--TOPICAL TERM | বিষয় শিরোনাম - মূল বিষয়
Topical term | মূল বিষয় Rhetoric - poetry
651 ## - SUBJECT ADDED ENTRY--GEOGRAPHIC NAME | বিষয় শিরোনাম - ভৌগলিক নাম
Geographic name | ভৌগলিক বিষয় Literature
850 ## - HOLDING INSTITUTION
Holding institution LCLIB/808.1/REE
942 ## - ADDED ENTRY ELEMENTS (KOHA)
Koha item type Books
Holdings
Withdrawn status Lost status Damaged status Not for loan Home library Current library Date acquired Total Checkouts Full call number Accession No. Date last seen Price effective from Koha item type
        Loreto College Loreto College 04/11/2013   808.1/REE LCLIB/16158,16159 B23513 04/11/2013 04/11/2013 Books
        Loreto College Loreto College 04/11/2013   808.1/REE LCLIB/16158,16159 B735 04/11/2013 04/11/2013 Books